| 000 | 00985nam a2200265 i 4500 | ||
|---|---|---|---|
| 001 | 000024900 | ||
| 003 | DO-SdBNP | ||
| 005 | 20250919130600.0 | ||
| 007 | ta | ||
| 008 | 110207s1978 ve r 000 0 spa d | ||
| 040 |
_aDO-SdBNP _bspa _cBNPHU _erda |
||
| 041 | _aspa | ||
| 082 | 4 |
_axxx _bS586f _222 |
|
| 100 | 1 |
_aSilva Cimma, Enrique _eautor _4aut. _951128 |
|
| 245 | 1 | 3 |
_aLa función pública : _bel régimen personal en la Contraloría General de la República / _cEnrique Silva Cimma ; prólogo, José Andrés Octavio. |
| 264 |
_aCaracas : _bContraloría General de la República, _c1978. |
||
| 300 |
_a305 páginas ; _c23 cm. |
||
| 336 |
_atexto _btxt _2rdacontent |
||
| 337 |
_asin mediación _bn _2rdamedia |
||
| 338 |
_avolumen _bnc _2rdacarrier |
||
| 500 | _aEn la portada : XL aniversario de la Contraloría General de la República. | ||
| 500 | _aIncluye notas al pie de las páginas. | ||
| 700 | 1 |
_aOctavio, José Andrés, _eprologuista _951129 _4pr. |
|
| 942 |
_2ddc _cLBS1 |
||
| 999 |
_c24393 _d24393 |
||